| 000 | 01074cad a22002535a 4500 | ||
|---|---|---|---|
| 001 | E147930 | ||
| 008 | 090702s2009 xxk f l s000 0 eng d | ||
| 035 | _a(Sirsi) u147930 | ||
| 041 | 0 | _aeng | |
| 110 | 2 |
_aScotland _kLaws, etc |
|
| 245 | 0 | 4 |
_aThe Planning etc. (Scotland) Act 2006 (Saving and Transitional Provisions) Order 2009 _h[electronic resource] |
| 260 |
_aEdinburgh _bScottish Government _c2009 |
||
| 490 | 0 |
_aScottish Statutory Instrument _v2009: 101 |
|
| 520 | _aThis Order makes provisions related to the commencement of the Planning etc. (Scotland) Act 2006 S11 and S54(19). | ||
| 520 | _aComes into force 6 April 2009. | ||
| 521 | _aAdvanced | ||
| 590 | _aKA | ||
| 650 | 2 | 4 | _aPLANNING ETC. (SCOTLAND) ACT 2006 |
| 650 | 2 | 4 | _aPLANNING ETC. (SCOTLAND) ACT 2006 (SAVING AND TRANSITIONAL PROVISIONS) ORDER 2009 |
| 651 | 4 |
_aScotland _y1999- |
|
| 690 |
_aPlanning and development _96259 |
||
| 856 | 4 | 0 |
_uhttps://www.opsi.gov.uk/legislation/scotland/ssi2009/ssi_20090101_en_1 _zView the statutory instrument free of charge at www.opsi.gov.uk... |
| 942 | _n0 | ||
| 999 |
_c109797 _d109797 |
||